000 00978nam0a22002291 4500
001 rc\768662
005 20260407142234.0
035 _a(NLR Aleph) 006295547
090 _a7195960
_c7195960
100 _a20040301d1985 |||y0rusy50 ca
101 0 _arus
102 _aRU
105 _ay |||||||||
200 1 _aНОРМАТИВЫ удельных капитальных вложений в строительство объектов производственного назначения в совхозах Московской области на период 1986-1990 гг.
_fМособлисполком. Гл. архит.-планир. упр., Мосгипрониисельстрой
210 _aМ.
_cБ. и.
_d1985
215 _a13 с.
_d20
712 0 2 _a"МосгипроНИИсельстрой", институт
_3RU\NLR\AUTH\8810011781
_9521284
801 0 _aRU
_bNLR
_gpsbo
801 1 _aRU
_bELAR
_2rusmarc
852 _aNLR
_j87-4/16407
942 _cBOOK
980 _aNB